Metaforičeskij koncept "nezdorov`je" kak pokazateľ sovremennoj sociaľno-ekonomičeskoj reaľnosti v anglijskom, russkom i slovackom političeskich diskurzach

Výsledky analýzy, ktorá bola zameraná na sledovanie funkčných možností konceptuálnej metafory v súčasnom politickom diskurze. Kognitívna analýza metaforického modelovania v súčasnom anglickom, ruskom a slovenskom jazyku.

Enregistré dans:
Détails bibliographiques
Auteur principal: Grigorjanová, Tatjana, 1960-
Autres auteurs: Matytcina, Marina
Format: Chapitre de livre
Langue:russe
Sujets:
Tags: Ajouter un tag
Pas de tags, Soyez le premier à ajouter un tag!

MARC

LEADER 00000naa$a2200000$$$4500
001 0247739
005 20240502083701.0
041 0 |a rus 
044 |a CZ 
245 1 0 |a Metaforičeskij koncept "nezdorov`je" kak pokazateľ sovremennoj sociaľno-ekonomičeskoj reaľnosti v anglijskom, russkom i slovackom političeskich diskurzach  |c Tatjana Grigorjanová, Marina Matytcina 
520 |a Výsledky analýzy, ktorá bola zameraná na sledovanie funkčných možností konceptuálnej metafory v súčasnom politickom diskurze. Kognitívna analýza metaforického modelovania v súčasnom anglickom, ruskom a slovenskom jazyku. 
610 2 0 |a jazyky cudzie 
610 2 0 |a angličtina 
610 2 0 |a ruština 
610 2 0 |a slovenčina 
610 2 0 |a analýzy 
610 2 0 |a politika 
610 2 0 |a komunikácia 
100 1 |a Grigorjanová, Tatjana, 1960- 
700 1 |a Matytcina, Marina